header

Service operations management : (Record no. 250140)

MARC details
000 -LEADER
fixed length control field 01270cam a2200325 a 4500
001 - CONTROL NUMBER
control field 15148866
003 - CONTROL NUMBER IDENTIFIER
control field OSt
005 - DATE AND TIME OF LATEST TRANSACTION
control field 20150928093430.0
008 - FIXED-LENGTH DATA ELEMENTS--GENERAL INFORMATION
fixed length control field 080122s2008 enka b 001 0 eng
010 ## - LIBRARY OF CONGRESS CONTROL NUMBER
LC control number 2008002916
020 ## - INTERNATIONAL STANDARD BOOK NUMBER
International Standard Book Number 9781405847322 (pbk. : alk. paper)
International Standard Book Number 1405847328 (pbk. : alk. paper)
035 ## - SYSTEM CONTROL NUMBER
System control number (OCoLC)191090463
Canceled/invalid control number (OCoLC)216941208
System control number (OCoLC)ocn191090463
040 ## - CATALOGING SOURCE
Original cataloging agency DLC
Transcribing agency DLC
Modifying agency YDXCP
-- BAKER
-- BWKUK
-- BWK
-- BTCTA
-- OCLCA
-- DLC
050 00 - LIBRARY OF CONGRESS CALL NUMBER
Classification number HD9980.5
Item number .J647 2008
082 00 - DEWEY DECIMAL CLASSIFICATION NUMBER
Classification number 658
Edition number 22
100 1# - MAIN ENTRY--PERSONAL NAME
Personal name Johnston, Robert,
Dates associated with a name 1953-
245 10 - TITLE STATEMENT
Title Service operations management :
Remainder of title improving service delivery /
Statement of responsibility, etc Robert Johnston and Graham Clark.
250 ## - EDITION STATEMENT
Edition statement 3rd ed.
260 ## - PUBLICATION, DISTRIBUTION, ETC. (IMPRINT)
Place of publication, distribution, etc Harlow, Essex, England ;
-- New York :
Name of publisher, distributor, etc Financial Times/Prentice Hall,
Date of publication, distribution, etc 2008.
300 ## - PHYSICAL DESCRIPTION
Extent xvi, 533 p. :
Other physical details ill. ;
Dimensions 25 cm.
504 ## - BIBLIOGRAPHY, ETC. NOTE
Bibliography, etc Includes bibliographical references and index.
650 #0 - SUBJECT ADDED ENTRY--TOPICAL TERM
Topical term or geographic name as entry element Service industries
General subdivision Management.
700 1# - ADDED ENTRY--PERSONAL NAME
Personal name Clark, Graham,
Dates associated with a name 1949-
856 41 - ELECTRONIC LOCATION AND ACCESS
Materials specified Table of contents only
Uniform Resource Identifier <a href="http://www.loc.gov/catdir/toc/ecip089/2008002916.html">http://www.loc.gov/catdir/toc/ecip089/2008002916.html</a>
906 ## - LOCAL DATA ELEMENT F, LDF (RLIN)
a 7
b cbc
c orignew
d 1
e ecip
f 20
g y-gencatlg
942 ## - ADDED ENTRY ELEMENTS (KOHA)
Source of classification or shelving scheme Library of Congress Classification
Koha item type Long Loan Books
Holdings
Withdrawn status Lost status Source of classification or shelving scheme Damaged status Not for loan Collection code Home library Current library Shelving location Date acquired Total Checkouts Full call number Barcode Date last seen Date checked out Price effective from Koha item type
    Library of Congress Classification     Non-fiction Rongo University Library Rongo University Library General Stacks 28/09/2015 1 HD9980.5 .J647 2008 20142588 29/11/2017 14/11/2017 28/09/2015 Long Loan Books
    Library of Congress Classification     Non-fiction Rongo University Library Rongo University Library General Stacks 15/10/2015   HD9980.5 .J647 2008 20142604 15/10/2015   15/10/2015 Long Loan Books

© 2026 Rongo University
Contact us: librarian | system librarian | Rongo university